000 01315nam0a22002531 4500
001 rc\3379009
005 20260407095957.0
021 _aRU
_b[72-40884]
035 _a(NLR Aleph) 007533314
090 _a7761690
_c7761690
100 _a20130115d1972 |||y0rusy50 ca
101 0 _arus
102 _aRU
105 _ay ac |||||
200 1 _aАвтоматизированные системы управления производством
_e(Библиогр. указ.)
_fСекция АСУ при обкоме КПСС и Обл. совете НТО. Обл. б-ка им. А.М. Горького. Калинин. центр. науч.-техн. информации и пропаганды. Калинин. отд-ние науч.-техн. и произв. объединения "Ленэлектронмаш"
210 _aКалинин
_cБ. и.
_d1972
215 _a82 с.
_d20
606 _aАвтоматизированные системы планирования и управления
_jУказатели литературы
_2psbo
712 0 2 _aКалининская областная библиотека им. А. М. Горького
_3RU\NLR\AUTH\889925829
_9347471
801 0 _aRU
_bNLR
_gpsbo
801 1 _aRU
_bELAR
_2rusmarc
852 _aNLR
_jС315-420/А-22
942 _cBOOK
980 _aNB